| 000 | 00768cam a2200169 4500 | ||
|---|---|---|---|
| 001 | L130741 | ||
| 008 | 050826n 000 0 eng u | ||
| 035 | _a(Sirsi) u130741 | ||
| 041 | 0 | _aeng | |
| 245 | 0 | 0 | _aConsiderate Constructors Scheme |
| 520 | _aSet up following Sir Michael Latham's review "Constructing the Team" to improve the image of the construction industry. This initiative, started in 1997, is a voluntary Code of Considerate Practice, which is adopted by participating construction companies and everyone involved on the construction site. | ||
| 590 | _aIKA300805 | ||
| 651 | 4 |
_aUnited Kingdom _y |
|
| 690 |
_aProject management _96261 |
||
| 856 | 4 | 0 |
_uhttps://www.ccscheme.org.uk/ _zView the website free of charge at www.ccscheme.org.uk... |
| 942 | _n0 | ||
| 999 |
_c120466 _d120466 |
||